000 00675nam a2200229 i 4500
001 23290
003 ES-MaACL
005 20230906152840.0
007 t|
008 021210s1977 sp a |||| | spa d
080 _a371.136.3
100 1 _aÁlvarez, José Luis.
_920649
245 1 0 _aInvestigación psicosocial sobre los profesores /
_cJosé Luis Álvarez.
260 _aMadrid :
_bMarova,
_c[1977]
300 _a187 p. :
_bil. ;
_c18 cm.
490 1 _aBiblioteca del educador ;
_v19
500 _aÍndice.
650 0 4 _aProfesores-
_xPsicología.
_916463
830 0 _aBiblioteca del educador ;
_v19
_9181635
852 _aES-MaACL
_jA-7265
999 _c23290
_d23290